Temas actuales en Didáctica de la Lengua

Αποθηκεύτηκε σε:
Λεπτομέρειες βιβλιογραφικής εγγραφής
Κύριος συγγραφέας: Rébola de Welti, María Cristina (editora)
Άλλοι συγγραφείς: Stroppa, María Cecilia (editora), Narvaja de Arnoux, Elvira (autora), Viramonte de Ávalos, Magdalena (autora), Avendaño, Fernando (autor), Palou de Carranza, Elsa (autora), Constantino, Gustavo Daniel (autor), De Gregorio de Mac, Maria Isabel (autora), Desinano, Norma (autora), Di Tullio, Angela (autora), Fajre, Cristina (autora), Martínez, Angelita (autora), Martín Menéndez, Salvio (autora), Solana, Zulema (autora)
Μορφή: Βιβλίο
Γλώσσα:Αγγλικά
Έκδοση: Rosario, Argentina: Laborde Editor, Universidad Nacional de Rosario, 2000
Έκδοση:1º edición
Θέματα:
Ετικέτες: Προσθήκη ετικέτας
Δεν υπάρχουν, Καταχωρήστε ετικέτα πρώτοι!

MARC

LEADER 00000nam a22000007a 4500
003 CL-VaPUC
005 20220708132018.0
008 220406b2000 ||||| |||| 00| 0 eng d
999 |c 435306  |d 435304 
020 |a 987-43-2428- 
040 |c Pontificia Universidad Católica de Valparaíso 
082 0 4 |2 21  |a 407 REB 2000  
100 1 |a Rébola de Welti, María Cristina  |e editora  |9 868051 
245 1 0 |a Temas actuales en Didáctica de la Lengua 
250 |a 1º edición 
260 |a Rosario, Argentina:  |b Laborde Editor,  |b Universidad Nacional de Rosario,  |c 2000 
300 |a 223 páginas 
500 |a C.1 Donación Familia profesor Giovanni Parodi S. Memo 01/2022. 25-03-2022 
583 |c 20220406  |k Catalogador Asistente 
650 1 |a Lenguaje y lenguas  |x Didáctica  |x Análisis del discurso  |x Lingüística  |9 868732 
700 |a Stroppa, María Cecilia  |e editora  |9 868052 
700 |a Narvaja de Arnoux, Elvira  |e autora  |9 868053 
700 |a Viramonte de Ávalos, Magdalena  |e autora  |9 868054 
700 |a Avendaño, Fernando  |e autor  |9 868055 
700 |a Palou de Carranza, Elsa  |e autora  |9 868056 
700 |a Constantino, Gustavo Daniel  |e autor  |9 868057 
700 |a De Gregorio de Mac, Maria Isabel  |e autora  |9 868058 
700 |a Desinano, Norma  |e autora  |9 868059 
700 |a Di Tullio, Angela  |e autora  |9 868060 
700 |a Fajre, Cristina  |e autora  |9 868061 
700 |a Martínez, Angelita  |e autora  |9 868062 
700 |a Martín Menéndez, Salvio  |e autora  |9 868063 
700 |a Solana, Zulema  |e autora  |9 868064 
942 |2 ddc  |c BK 
952 |0 0  |1 0  |2 ddc  |4 0  |6 407_000000000000000_REB_2000  |7 0  |8 C_GPS  |9 582486  |a FDOPOS  |b FDOPOS  |c GEN  |d 2022-04-06  |e Donación  |i 5650718  |o 407 REB 2000  |p 5650718  |r 2025-01-22  |t 1  |w 2022-04-06  |y BK  |k MLA